| Tag |
First Indicator |
Second Indicator |
Subfields |
| LEADER |
00000cam a2200000 i 4500 |
| 001 |
in00005469421 |
| 006 |
m o d |
| 007 |
cr ||||||||||| |
| 008 |
220908s2022 enk ob 001 0 eng d |
| 005 |
20240904140318.8 |
| 035 |
|
|
|a (OCoLC)on1350591949
|
| 040 |
|
|
|a QGK
|b eng
|e rda
|e pn
|c QGK
|d IND
|d OCLCF
|d MNU
|d OCLCO
|d OCLCQ
|d OCLCL
|
| 020 |
|
|
|a 9781802070828
|q (ebook)
|
| 020 |
|
|
|a 1802070826
|
| 020 |
|
|
|z 9781802070231
|q (paperback)
|
| 035 |
|
|
|a (OCoLC)1350591949
|
| 050 |
|
4 |
|a B802
|b .L38 2022
|
| 082 |
0 |
4 |
|a 190.9033
|q OCoLC
|2 23/eng/20231120
|
| 049 |
|
|
|a TXAM
|
| 100 |
1 |
|
|a LaVopa, Anthony J.,
|d 1945-
|e author.
|1 https://id.oclc.org/worldcat/entity/E39PBJppFWkftvGg9kmp7y7WDq
|
| 245 |
1 |
0 |
|a Enlightenment past and present :
|b essays in a social history of ideas /
|c Anthony J. La Vopa.
|
| 264 |
|
1 |
|a Liverpool :
|b Liverpool University Press,
|c 2022
|
| 300 |
|
|
|a 1 online resource (x, 423 pages).
|
| 336 |
|
|
|a text
|b txt
|2 rdacontent
|
| 337 |
|
|
|a computer
|b c
|2 rdamedia
|
| 338 |
|
|
|a online resource
|b cr
|2 rdacarrier
|
| 490 |
1 |
|
|a Oxford University studies in the Enlightenment ;
|v 2022:09
|
| 504 |
|
|
|a Includes bibliographical references (pages 377-408) and index.
|
| 520 |
|
|
|a Over the last three decades Anthony La Vopa has extended his reach as an Enlightenment historian from Germany to England, Scotland, and France. Enlightenment Past and Present: Essays in a Social History of Ideas provides insights into all four contexts, with a view to understanding the Enlightenment's contours in spaces that were distinct but nonetheless shared in a European-wide engagement with a cluster of political, social, and cultural issues. The volume explores a wide variety of themes in the formation of modernity, including the construction of a public, the emergence of modern feminism, the problematic legitimacy of sexuality and marriage, the ideal and practice of friendship, patron-client relations, the conversational sociability of politeness, and the evolution of the essay as a genre. La Vopa aims to demonstrate in practice the new interest in restoring the social to intellectual history without falling back into reductionism. He throws a spotlight on a number of key texts in eighteenth-century philosophy. In several essays, La Vopa employs the resources of meaning in rhetorical cultures with thick social contexts to present Enlightenment texts not simply as print records, but as rhetorical performances with specific audiences. He also often intertwines contexts by focusing on biographical experience, using 'private' life traces such as diaries and other forms of correspondence, to enhance our understanding of published discourse. While drawing on the history of philosophy, the volume takes a decidedly more historical path through the canon. It includes essay reviews which take stock of developments in Enlightenment studies via critical appraisals of major recent contributions to the field.
|c Publisher description.
|
| 505 |
0 |
0 |
|g Introduction: finding meaning in the Enlightenment --
|g Part 1:
|t Theory and method --
|g Chapter 1:
|t Conceiving a public: ideas and society in eighteenth-century Europe --
|g Chapter 2:
|t A new intellectual history? Jonathan Israel's Enlightenment --
|g Chapter 3:
|t Doing Fichte: reflections of a sobered (but unrepentant) contextual biographer
|g Part 2:
|t Gender --
|g Chapter 4:
|t Women, gender, and the Enlightenment: a historical turn --
|g Chapter 5:
|t Thinking about marriage: Kant's liberalism and the peculiar morality of conjugal union --
|g Chapter 6:
|t The fragility of polite character: the friendship between James Boswell and William Johnson Temple --
|g Part 3:
|t Language, philosophy, and the imagination --
|g Chapter 7:
|t Herder's Publikum: language, print, and sociability in eighteenth-century Germany --
|g Chapter 8:
|t The philosopher and the Schwärmer: on the career of a German epithet from Luther to Kant --
|g Chapter 9:
|t History, philosophy, and the imagination in Enlightenment studies --
|g Chapter 10:
|t Specialization run amok? Contextualizing Denis Diderot --
|g Bibliography --
|g Index
|
| 588 |
|
|
|a Description based on publisher's metadata.
|
| 650 |
|
0 |
|a Enlightenment
|x Social aspects.
|
| 650 |
|
0 |
|a Enlightenment
|x History
|y 18th century.
|
| 650 |
|
0 |
|a Philosophy, Modern
|y 18th century.
|
| 650 |
|
6 |
|a Siècle des Lumières
|x Aspect social.
|
| 650 |
|
6 |
|a Siècle des Lumières
|x Histoire
|y 18e siècle.
|
| 650 |
|
6 |
|a Philosophie
|y 18e siècle.
|
| 650 |
|
7 |
|a Enlightenment
|2 fast
|
| 650 |
|
7 |
|a Philosophy, Modern
|2 fast
|
| 648 |
|
7 |
|a 1700-1799
|2 fast
|
| 655 |
|
7 |
|a Electronic books.
|2 local
|
| 655 |
|
7 |
|a History
|2 fast
|
| 776 |
0 |
8 |
|i Print version:
|a LaVopa, Anthony J., 1945-
|t Enlightenment past and present.
|d [Liverpool] : Liverpool University Press ; Oxford : Voltaire Foundation, [2022]
|z 9781802070231
|w (OCoLC)1338671044
|
| 830 |
|
0 |
|a Oxford University studies in the Enlightenment ;
|v 2022:09.
|
| 856 |
4 |
0 |
|u http://proxy.library.tamu.edu/login?url=https://www.liverpooluniversitypress.co.uk/doi/book/10.3828/9781802070231
|z Connect to the full text of this electronic book
|t 0
|
| 955 |
|
|
|a Liverpool University Press Oxford University Studies in the Enlightenment
|
| 994 |
|
|
|a 92
|b TXA
|
| 999 |
f |
f |
|s fb701caf-d8b1-4f27-a548-a584211b00a2
|i 447056a6-d390-45fb-8180-1b2ce482e38c
|t 0
|
| 952 |
f |
f |
|a Texas A&M University
|b College Station
|c Electronic Resources
|d Available Online
|t 0
|e B802 .L38 2022
|h Library of Congress classification
|
| 998 |
f |
f |
|a B802 .L38 2022
|t 0
|l Available Online
|